La ruta de don Quijote

Uloženo v:
Podrobná bibliografie
Hlavní autor: Azorín Martínez Ruiz, José (autor)
Médium: Kniha
Jazyk:španělština
Vydáno: Buenos Aires Losada 1964
Vydání:6a. ed
Edice:Biblioteca Contemporánea, 149
Témata:
Tagy: Přidat tag
Žádné tagy, Buďte první, kdo vytvoří štítek k tomuto záznamu!

MARC

LEADER 00000nam a2200000 a 4500
001 UCT7699
003 CL-VaPUC
008 970123e19640000AG |||||||||||||||||spa|d
082 0 4 |a 864  |b AZO  |2 21 
100 |a Azorín  |e autor  |q Martínez Ruiz, José  |9 863023 
245 1 3 |a La ruta de don Quijote 
250 |a 6a. ed 
300 |a 140 p 
942 |c BK 
945 |d 19970123 00:00:00  |a rleighto 
260 |a Buenos Aires  |b Losada  |c 1964 
650 0 |a Ensayos españoles  |9 313128 
583 |a last modification  |c 19970123 00:00:00  |k Rodrigo Vera 
490 0 |a Biblioteca Contemporánea, 149 
999 |c 256247  |d 256245 
952 |0 0  |1 0  |4 0  |6 864_000000000000000_AZO_1964  |7 0  |8 A  |9 278890  |a BIBEDU  |b BIBEDU  |d 2019-11-19  |i 3273210  |o 864 AZO 1964  |p 3273210  |r 2019-11-19  |w 2019-11-19  |y BK  |k LIT 
952 |0 0  |1 0  |4 0  |6 864_000000000000000_AZO_1964  |7 0  |8 A  |9 278891  |a BIBEDU  |b BIBEDU  |d 2019-11-19  |i 3273229  |o 864 AZO 1964  |p 3273229  |r 2019-11-19  |w 2019-11-19  |y BK  |k LIT 
952 |0 0  |1 0  |4 0  |6 864_000000000000000_AZO_1964  |7 0  |8 A  |9 278892  |a BIBEDU  |b BIBEDU  |d 2019-11-19  |i 3273237  |o 864 AZO 1964  |p 3273237  |r 2019-11-19  |w 2019-11-19  |y BK  |k LIT 
952 |0 0  |1 0  |4 0  |6 864_000000000000000_AZO_1964  |7 0  |8 A  |9 278893  |a BIBEDU  |b BIBEDU  |d 2019-11-19  |i 3273245  |o 864 AZO 1964  |p 3273245  |r 2019-11-19  |w 2019-11-19  |y BK  |k LIT